00796nam a2200253Ia 450000500170000000800410001702000140005804000190007204100120009108200130010310000200011624500840013625000440022026000480026430000160031250400320032863000120036065000170037265100170038985000110040694200070041799900160042495201020044020231214092354.0131103s9999 xx 000 0 und d a521400740 aLoreto College aEnglish a428bBUT aButcher, Judith a The Cambridge Handbook for Editions, Authors and Publishers, cJudith Butcher aCopy - Editing; 3rd ed. (rev. updated) aCambridgebCambridge University Pressc1992 axii,471 p.  aIncludes index and glossary aEditing aProofreading aCopy Editing aLCLIB  cBK c6360d56839 00102ddc4070aMAINbMAINd2013-11-04l0o428 BUT 42930pB6230r2013-11-04w2013-11-04yBKf